Geography Quiz

Random Geography or Food Quiz

Apples and Oranges Quiz Stats

Quiz Updated Mar 6, 2012

Also try: Name That Fruit!
Challenge
Share
Tweet
Embed
Score 0/40 Timer 06:00
2 Plays Today
Fruit Country % Correct
Apples (tonnes/year)United States
98.4%
Oranges (tonnes/year)United States
98.4%
Oranges (tonnes/year)Mexico
91.2%
Apples (tonnes/year)China
91%
Oranges (tonnes/year)China
91%
Apples (tonnes/year)Brazil
89.6%
Oranges (tonnes/year)Brazil
89.6%
Apples (tonnes/year)France
87.6%
Apples (tonnes/year)Spain
84.7%
Oranges (tonnes/year)Spain
84.7%
Apples (tonnes/year)Germany
81.6%
Apples (tonnes/year)Russia
81.3%
Apples (tonnes/year)Italy
80.7%
Oranges (tonnes/year)Italy
80.7%
Apples (tonnes/year)Argentina
79%
Oranges (tonnes/year)Argentina
79%
Apples (tonnes/year)Japan
78.4%
Apples (tonnes/year)India
77.2%
Oranges (tonnes/year)India
77.2%
Apples (tonnes/year)Chile
72%
Fruit Country % Correct
Apples (tonnes/year)South Africa
66.4%
Oranges (tonnes/year)South Africa
66.4%
Oranges (tonnes/year)Greece
63.2%
Oranges (tonnes/year)Egypt
63%
Apples (tonnes/year)Turkey
59.4%
Oranges (tonnes/year)Turkey
59.4%
Apples (tonnes/year)Iran
54.1%
Oranges (tonnes/year)Iran
54.1%
Apples (tonnes/year)Poland
53.9%
Apples (tonnes/year)Pakistan
51.6%
Oranges (tonnes/year)Pakistan
51.6%
Oranges (tonnes/year)Indonesia
50.8%
Oranges (tonnes/year)Vietnam
44.1%
Oranges (tonnes/year)Morocco
43.6%
Apples (tonnes/year)Ukraine
42.5%
Oranges (tonnes/year)Algeria
34.7%
Oranges (tonnes/year)Syria
22.4%
Apples (tonnes/year)North Korea
17.3%
Oranges (tonnes/year)Ghana
15.9%
Apples (tonnes/year)Uzbekistan
12.9%

You're not logged in!

Compare scores with friends on all Sporcle quizzes.
Join for Free
OR
Log In

You Might Also Like...

Show Comments

Extras

Top Quizzes Today


Score Distribution

Your Account Isn't Verified!

In order to create a playlist on Sporcle, you need to verify the email address you used during registration. Go to your Sporcle Settings to finish the process.

Report this User

Report this user for behavior that violates our Community Guidelines.

Details: